[Event "Stay Safe Play From Home 302"]
[Site "Emanuel Lasker Arena"]
[Date "2020.07.14"]
[Round "2"]
[White "Jhhonnyy"]
[Black "NTBT_DHS"]
[Result "0-1"]
[WhiteElo "2340"]
[BlackElo "2361"]
[Annotator "TA"]
[PlyCount "114"]
[EventDate "2020.07.14"]
[EventType "swiss (blitz)"]

{[%evp 24,114,62,66,73,80,82,8,55,-145,-108,-334,-350,-463,-458,-535,-521,-528,-514,-694,-682,-1031,-1031,-931,-777,-846,-239,-238,-108,-202,-205,-1014,-329,-328,-328,-320,-326,-330,-319,-327,-324,-326,-336,-345,-348,-343,-338,-326,-289,-272,-194,-200,-117,-293,-275,-258,-180,-220,-218,-263,-154,-264,-248,-288,-285,-400,-326,-404,-347,-794,-792,-1184,-1183,-1418,-1359,-1329,-1258,-2442,-1797,-5543,-837,-29980,-29981,-29989,-29991,-29992,-29993,-29993,-29994,-29998,-29998,-29998,-29996]} 1. d4 Nf6 2. c4 g6 3. g3 Bg7 4. Bg2 O-O 5. Nc3 d6 6. Nf3 Nbd7 7. O-O e5 8. e4 exd4 9. Nxd4 Nc5 10. Qc2 a5 11. h3 Re8 12. Re1 Bd7 13. Be3 Qc8 {E68: King's Indian: Fianchetto: 6...Nbd7 7 0-0 e5 8 e4.} 14. Kh2 Re5 {[#]} 15. Rad1 $146 (15. g4 $16) ({Predecessor:} 15. g4 Re8 16. Rad1 Be6 17. b3 c6 18. f4 h6 19. Kg1 Qc7 20. Ndb5 cxb5 21. Nxb5 {½-½ (55) Barp,A (2429)-Brunello,S (2542) Salerno 2018}) 15... Bxh3 {The position is equal.} (15... Rh5 $5 {[%cal Rd7h3]} 16. h4 Ng4+ 17. Kg1 Nxe3 18. Rxe3 Re5 $11) 16. Bf3 $2 (16. Bxh3 $14 {was the only good move.} Rh5 17. Nf5 $1 {[%mdl 512]} Rxh3+ 18. Kxh3 Ncxe4 {[%mdl 64] Remove Defender, Decoy} 19. Nxe4 Qxf5+ {[%mdl 64] Double Attack} 20. Kg2 Nxe4 21. Qb3) 16... Bg4 $17 17. Bg2 $2 (17. Kg2 $17) 17... Bxd1 $19 18. Rxd1 Ng4+ 19. Kh1 Nxe3 20. fxe3 Qg4 21. Rf1 Qxg3 22. Nd5 Rh5+ 23. Kg1 Qh2+ 24. Kf2 Nxe4+ $2 (24... Rg5 25. Rg1 c6) 25. Qxe4 {Hoping for Nf3.} Be5 (25... Rg5 $19 {is more deadly.} 26. Ne2 c6) 26. Nf4 (26. Nxc7 $17 {was worth a try.} Rc8 27. Nd5 Rxc4 28. Ke2) 26... Rg5 {aiming for ...Bxd4.} 27. Nf3 $2 {[#]} (27. Rh1 Qg3+ 28. Kf1 Bxd4 29. Qxd4) 27... Qg3+ $2 (27... Rxg2+ $1 {[%mdl 512]} 28. Ke1 (28. Nxg2 Bg3+) 28... Qg3+ 29. Kd1 Rxb2) 28. Ke2 Bxf4 29. Nxg5 Bxg5 30. Qf3 Qxf3+ 31. Bxf3 {[%mdl 4096] Endgame KRB-KRB} Re8 32. Bxb7 Rxe3+ 33. Kd1 Rd3+ 34. Kc2 Rd2+ 35. Kc3 {intending Rg1.} Rh2 36. Bd5 Bd2+ 37. Kb3 {[#]} Be3 (37... c6 $1 $19 38. Bxf7+ (38. Bxc6 Kg7) 38... Kg7) 38. Bxf7+ $2 (38. Rxf7 $17 Kh8 39. Rxc7) 38... Kg7 39. Bd5 c5 40. a3 Bd4 41. Ka4 Rxb2 ({Better is} 41... h5 $19 {Threatens to win with ...g5.} 42. Rb1 Bxb2 43. Kxa5 Bxa3) 42. Kxa5 (42. Rf7+ $17 Kh6 43. Kxa5) 42... Bf6 43. Rh1 h5 44. Rf1 (44. Ka6 {might work better.}) 44... Be5 45. Rg1 Kh6 46. Be4 $2 (46. Rh1) 46... g5 47. Rh1 g4 48. Bf5 Kg5 49. Bd7 h4 50. Be8 h3 51. Bd7 g3 (51... h2 $142 52. a4 g3) 52. Rg1 h2 {Black mates.} 53. Rh1 g2 54. Rxh2 Bxh2 55. Bc6 g1=Q 56. Bh1 Qe1+ 57. Ka6 Qe7 {Accuracy: White = 21%, Black = 59%.} 0-1

[Event "Stay Safe Play From Home 302"]
[Site "Emanuel Lasker Arena"]
[Date "2020.07.14"]
[Round "2"]
[White "Bellbox"]
[Black "Broken sword"]
[Result "0-1"]
[WhiteElo "2081"]
[BlackElo "2420"]
[Annotator "TA"]
[PlyCount "122"]
[EventDate "2020.07.14"]
[EventType "swiss (blitz)"]

{[%evp 13,122,23,29,-8,-6,-43,-22,-37,-10,-7,0,0,0,0,0,-11,0,0,0,-30,0,-12,0,0,0,0,14,0,8,0,0,0,0,0,0,0,-11,-100,-46,-80,-86,-149,-7,-8,0,-1427,10,8,10,0,154,171,239,249,299,3,0,0,0,0,0,0,0,0,0,0,0,0,0,0,0,0,0,0,0,0,0,0,0,0,0,0,0,0,0,0,0,0,0,0,0,0,0,-1,0,-204,-204,-204,0,0,0,-204,-204,-29969,-29968,-1694,0,-29990,-29972,-29989,-29973]} 1. e4 c5 2. c3 e6 3. d4 cxd4 4. cxd4 d5 5. exd5 exd5 6. Nc3 Nc6 7. Nf3 Nf6 8. Ne5 {B14: Caro-Kann: Panov-Botvinnik Attack with 5...e6 and 5...g6.} Bd6 9. Nxc6 (9. Bb5 {is interesting.} O-O 10. Bxc6 bxc6 11. O-O Qc7 12. Bf4) 9... bxc6 10. Bd3 {[#] The position is equal.} Bg4 $146 ({Predecessor:} 10... O-O 11. Qc2 Re8+ 12. Be3 Bf4 13. Kd2 Bxe3+ 14. fxe3 Ng4 15. Rae1 Qg5 16. Nd1 Nf6 {0-1 (30) Nagy,R (1991)-Fabian Nagy,S (2092) Hungary 2012}) 11. Qc2 O-O 12. O-O Bh5 13. h3 Bg6 14. Be3 Rb8 15. b3 Re8 16. Na4 Qd7 17. Rac1 Rbc8 18. Bxg6 hxg6 19. Nc5 Bxc5 20. Qxc5 Ne4 21. Qc2 Re6 22. Bf4 Rce8 23. Rfe1 f6 24. Qd3 g5 {Strongly threatening ...Nc5.} 25. Be3 (25. Bh2 $11) 25... Qe7 (25... f5 $17) 26. f3 Ng3 27. Kf2 {[#]} (27. Rcd1 $142) 27... Nh5 (27... Qc7 $1 $17 {Black wants to play ...f5.} 28. Rcd1 Nh5) 28. Bd2 $1 $11 Nf4 29. Bxf4 $4 {[%mdl 8192]} (29. Qa6 $11) 29... gxf4 $2 (29... Rxe1 $19 30. Bxg5 Rxc1) 30. Rxe6 Qxe6 {[%mdl 4096] Endgame KQR-KQR} 31. Qd2 Qe3+ $2 (31... g5 $11) 32. Qxe3 $16 Rxe3 (32... fxe3+ {is a better defense.} 33. Ke2 Re6) 33. Rxc6 {KR-KR} Rd3 34. Rc7 $2 (34. Ke2 $18 Re3+ 35. Kd2) 34... Rd2+ $11 35. Kf1 Rxa2 36. Rc5 Rb2 37. Rxd5 Rxb3 38. Ra5 Rd3 39. Rxa7 Rxd4 40. Kg1 Kh7 41. h4 Kg6 42. Kh2 Kh6 43. Kh3 Rd2 44. Rb7 Ra2 45. Rc7 Ra1 46. Rd7 Kh5 {[%cal Ra1h1]} 47. Kh2 (47. g4+ {looks sharper.} fxg3 48. Rxg7 Rh1+ 49. Kg2 Rxh4 50. Kxg3 Rc4 51. Kf2) 47... g5 48. Rh7+ Kg6 49. Rd7 gxh4 50. Kh3 Rh1+ (50... f5 {keeps more tension.} 51. Kh2 Ra8 52. Kh3 Rc8 53. Kh2 Ra8) 51. Kg4 f5+ 52. Kxf4 Rh2 53. Ke3 Kg5 54. Rd6 $2 (54. Rf7 $11) 54... Rxg2 $19 {And now ...f4+ would win.} 55. f4+ Kg4 $2 (55... Kh5 $19 56. Rd8 Rg3+ 57. Kf2 Kg4 58. Rg8+ Kxf4) 56. Rg6+ $11 Kh3 57. Rh6 $2 (57. Rg5 $1 $11 {and White stays safe.}) 57... Rg3+ $19 58. Kd4 $2 {[#]} (58. Kf2 $19) 58... Kg4 59. Ke5 Kf3 $2 ({Black should play} 59... Re3+ $19 60. Kf6 h3) 60. Rg6 $2 {[%mdl 8192]} (60. Rxh4 $11 Rg8 61. Rh7) 60... h3 61. Kxf5 h2 {Accuracy: White = 67%, Black = 75%.} 0-1

[Event "Stay Safe Play From Home 302"]
[Site "Emanuel Lasker Arena"]
[Date "2020.07.14"]
[Round "2"]
[White "Lazieri3"]
[Black "Little champs"]
[Result "1/2-1/2"]
[WhiteElo "2081"]
[BlackElo "2262"]
[Annotator "TA"]
[PlyCount "173"]
[EventDate "2020.07.14"]
[EventType "swiss (blitz)"]

{[%evp 9,173,7,32,11,10,7,12,-21,-13,-32,39,27,43,23,45,10,18,0,0,0,0,-313,-313,-345,-301,-312,-302,-328,-127,-123,-121,-124,-121,-139,-126,-117,-93,-92,-74,-114,-106,-171,-106,-125,-110,-110,-110,-122,-121,-120,-110,-168,-115,-144,-115,-154,-64,-67,-58,-61,0,-152,-152,-219,-219,-362,-362,-362,-362,-362,-362,-793,-793,-4610,-181,-235,-217,-213,-213,-351,-235,-793,0,-351,-351,-351,-351,-351,-351,-318,-217,-760,-217,-29964,-29963,-29981,-29982,-29982,-29983,-29978,0,0,0,0,0,0,0,0,0,0,0,0,0,0,0,0,0,0,0,0,0,0,0,0,0,0,0,0,0,0,0,0,0,0,0,0,0,0,0,0,0,0,0,0,0,0,0,0,0,0,0,0,0,0,0,0,0,0,0,0,0,0,0,0,0,0]} 1. e4 c6 2. Nc3 d5 3. d3 dxe4 4. dxe4 Qxd1+ 5. Nxd1 g6 {[#]} 6. Bd3 $146 {B11: Caro-Kann: Two Knights Variation.} ({Predecessor:} 6. Bc4 Bg7 7. a4 Nd7 8. Ne2 Nc5 9. f3 Be6 10. Ne3 Nf6 11. Ra3 Nfd7 12. b4 Bxc4 13. Nxc4 {½-½ (42) Hummel,D (2029)-Leveikina,J (2116) Dresden 2016}) 6... Bg7 7. Nc3 Nf6 8. Bf4 O-O 9. O-O-O Nh5 (9... Nbd7 $15) 10. Be3 $14 Nf6 11. f3 Nbd7 {[%cal Bb8d7,Bd7e5,Be5d3][%mdl 32]} 12. Nge2 Ne5 13. Nf4 Nxd3+ 14. Rxd3 Nd7 15. Bd4 $2 {[%mdl 8192]} (15. Rhd1 $11 {and White stays safe.} Ne5 16. Rd8) 15... e5 $19 {[%mdl 64] Double Attack} 16. Ne6 fxe6 17. Be3 Nf6 18. Rhd1 Bd7 $2 (18... Nh5 $19 {is more deadly. And now ...Nf4 would win.} 19. R3d2 Bf6) 19. Rxd7 $17 Nxd7 20. Rxd7 Rf7 21. Rd6 Re7 22. Na4 Bf8 23. Nc5 Rae8 24. b4 Rc7 25. Rd3 (25. Rxe6 $17 Rcc8 26. Rxe8 Rxe8 27. Nd3) 25... Bxc5 (25... b6 $1 $19 {[%cal Rb6c5]} 26. Nd7 Bg7) 26. Bxc5 $19 {[%mdl 4096] Endgame KRR-KRB} b6 27. Bd6 Rd7 28. Bxe5 Rxd3 29. cxd3 $17 {KR-KB} Kf7 30. d4 (30. Kd2 $17 {was worth a try.}) 30... Rc8 (30... Ra8 $1 $19 31. Bc7 Ke7) 31. Kd2 Ke7 32. Kd3 a5 (32... c5 $17 33. dxc5 bxc5) 33. bxa5 $15 bxa5 34. Kc4 Kd7 ({Black should play} 34... a4 $15) 35. h4 $2 (35. a4 $1 $11) 35... Ra8 $17 36. a3 {[#]} (36. a4 $17) 36... Ra7 $1 $19 37. d5 (37. Kb3 {was necessary.}) 37... exd5+ 38. exd5 cxd5+ 39. Kxd5 Rb7 40. Bc3 $2 (40. Bd4) 40... Rb3 {[%mdl 64] Double Attack} 41. Bxa5 Rxa3 $2 (41... Rb5+ 42. Kc4 Rxa5) 42. Bb4 (42. Bb6 {keeps fighting.}) 42... Ra2 43. g3 Rg2 44. Be1 (44. g4 $142) 44... Rg1 45. Bf2 $2 (45. Bc3) 45... Rg2 (45... Rf1 $142 46. Bd4 Rxf3) 46. Be1 {[#]} Re2 $1 {[%cal Re2e1]} 47. Bc3 Re3 $1 {[%csl LRc3,LRf3][%mdl 64] Double Attack} 48. Be5 Rxf3 49. Ke4 Rf1 {White must now prevent ...h5.} 50. Bf4 $2 (50. g4) 50... Ke6 $2 (50... h5 {Strongly threatening ...Ke6.} 51. Ke5 Ke7 52. Bg5+ Kf7) 51. Ke3 $2 (51. g4 $19) 51... Kf5 52. Ke2 Rxf4 53. gxf4 Kxf4 54. h5 gxh5 $2 {KP-KP} (54... Kg3 {mates} 55. Kf1 g5 56. Ke2 g4 57. Ke3 Kh2 58. Ke2 g3 59. Ke3 g2 60. Kd4 g1=Q+ 61. Kd5 Qb6 62. Ke5 Kg3 63. Kd5 Kf4 64. h6 Qb5+ 65. Kd6 Kf5 66. Ke7 Qd5 67. Kf8 Kf6 68. Ke8 Qd4 69. Kf8 Qd8#) 55. Kf2 $11 {The position is equal.} Kg4 56. Kg2 Kh4 57. Kh2 h6 58. Kh1 Kg4 59. Kg1 h4 60. Kh1 h5 61. Kg1 Kg3 62. Kh1 Kg4 63. Kh2 Kg5 64. Kh1 h3 65. Kg1 $1 Kh4 66. Kh2 Kg4 67. Kh1 Kg3 68. Kg1 h4 69. Kh1 Kf4 70. Kh2 Kg4 71. Kh1 Kh5 72. Kg1 Kg4 73. Kh2 Kh5 74. Kxh3 {KP-K} Kg5 75. Kh2 Kg4 76. Kh1 Kg3 77. Kg1 Kh3 (77... h3 $5) 78. Kh1 Kg3 79. Kg1 h3 80. Kh1 Kh4 81. Kg1 Kg4 (81... Kg3 $5) 82. Kh1 Kf3 83. Kg1 Kg3 84. Kh1 Kf4 85. Kh2 Kg4 86. Kh1 Kg3 87. Kg1 {Black had all chances to win. Accuracy: White = 58%, Black = 77%.} 1/2-1/2

[Event "Stay Safe Play From Home 302"]
[Site "Emanuel Lasker Arena"]
[Date "2020.07.14"]
[Round "2"]
[White "SoulofWolf"]
[Black "NeatFox"]
[Result "1-0"]
[WhiteElo "2061"]
[BlackElo "1818"]
[Annotator "TA"]
[PlyCount "89"]
[EventDate "2020.07.14"]
[EventType "swiss (blitz)"]

{[%evp 11,88,20,25,0,0,0,0,-20,47,36,44,33,35,31,65,37,38,3,36,27,112,82,76,75,166,114,102,97,128,126,153,139,173,96,91,72,187,111,564,549,585,542,557,515,489,396,473,380,471,380,733,541,858,360,1071,453,812,812,889,790,740,644,650,599,685,608,1010,1013,977,899,29989,29990,29994,29995,29996,29997,29997,29982,29999]} 1. d4 d5 2. Nf3 Nf6 3. c4 e6 4. Nc3 c6 5. Bg5 Be7 6. e3 O-O {[#]} 7. Qc1 $146 {D55: Queen's Gambit Declined: 4 Bg5 Be7: Lines without ...h6 and 6...h6 7 Bxf6.} ({Predecessor:} 7. Be2 Nbd7 8. O-O dxc4 9. a4 Nd5 10. Bxe7 Qxe7 11. Bxc4 Nxc3 12. bxc3 e5 13. a5 e4 14. Nd2 Nf6 15. Qb3 Re8 16. Rfb1 Qc7 17. Qb4 Rb8 18. Qc5 b6 19. axb6 axb6 20. Qg5 Bd7 {½-½ (44) Sjugirov,S (2673)-Pridorozhni,A (2533) Khanty-Mansiysk 2014}) 7... h6 8. Bf4 Nbd7 9. Bd3 {The position is equal.} Ng4 ({Better is} 9... dxc4 $11 10. Bxc4 b5) 10. h3 Ngf6 11. O-O dxc4 12. Bxc4 Nb6 13. Bb3 Nbd5 14. Bg3 Nxc3 (14... b6 {keeps more tension.} 15. Be5 Bb7 16. Rd1 Qc8 17. Ne2 c5) 15. bxc3 Nd5 (15... b6 $11) 16. Qd2 Bd6 17. Ne5 f6 (17... c5 $16) 18. Nd3 (18. Ng6 $18) 18... Bxg3 19. fxg3 Kh7 20. Bc2 Kh8 21. e4 Nb6 22. Nc5 (22. Qe2 $18) 22... Nc4 23. Qd3 b5 {[#]} (23... Nb2 $16 {is a better defense.} 24. Qe2 b6) 24. a4 $40 {[%mdl 128] White attacks with force.} (24. e5 $1 $18 {[%csl Gc2][%cal Rd3h7][%mdl 512]} f5 (24... fxe5 25. Qh7#) 25. Bb3) 24... Nd6 $2 {[%mdl 8192] This move loses the game for Black.} (24... e5 $16) 25. e5 $18 {[%csl Gc2][%cal Rd3h7]} Nf5 26. g4 fxe5 27. gxf5 exf5 28. Rae1 e4 29. Qe3 Bd7 30. Rd1 Be8 $2 (30... Qe7 31. Nd3 Kh7) 31. axb5 cxb5 32. d5 (32. Ne6 $142 Qf6 33. Nxf8 Qxf8 {[#]} 34. Bxe4 $1 {[%mdl 512]}) 32... g6 $2 (32... Rf6 33. Ne6 Qd6) 33. Qd4+ (33. Qxh6+ $142 Kg8 34. d6) 33... Kh7 {[#]} (33... Qf6 $142 34. Qxf6+ Rxf6) 34. Ne6 $1 {[%csl Ge6][%cal Rd4g7][%mdl 64] Double Attack} Qe7 35. Nxf8+ Qxf8 36. Bb3 Bf7 37. c4 Rd8 38. d6 bxc4 39. Bxc4 Bxc4 40. Qxc4 Rxd6 41. Qc7+ {[%mdl 64] Double Attack. White mates.} Kg8 42. Rxd6 g5 43. Rg6+ Kh8 44. Rxh6+ Kg8 45. Qh7# {Accuracy: White = 49%, Black = 22%.} 1-0

[Event "Stay Safe Play From Home 302"]
[Site "Emanuel Lasker Arena"]
[Date "2020.07.14"]
[Round "2"]
[White "Klasman"]
[Black "Fischer_11"]
[Result "0-1"]
[WhiteElo "1321"]
[BlackElo "2052"]
[Annotator "NA"]
[PlyCount "62"]
[EventDate "2020.07.14"]
[EventType "swiss (blitz)"]

1. f4 {[%emt 0:00:01]} e6 {[%emt 0:00:01]} 2. c4 {[%emt 0:00:02]} f5 {[%emt 0:00:00]} 3. Nf3 {[%emt 0:00:02]} Nf6 {[%emt 0:00:00]} 4. e3 {[%emt 0:00:01]} Be7 {[%emt 0:00:00]} 5. d4 {[%emt 0:00:01]} O-O {[%emt 0:00:00]} 6. Nc3 {[%emt 0:00:01]} d6 {[%emt 0:00:00]} 7. Bd3 {[%emt 0:00:01]} Nbd7 {[%emt 0:00:06]} 8. Ng5 {[%emt 0:00:02]} e5 {[%emt 0:00:00]} 9. Ne6 {[%emt 0:00:02]} Qe8 {[%emt 0:00:02]} 10. Nxc7 {[%emt 0:00:01]} Qf7 {[%emt 0:00:01]} 11. Nxa8 {[%emt 0:00:02]} e4 {[%emt 0:00:00]} 12. Bc2 {[%emt 0:00:02]} Bd8 {[%emt 0:00:01]} 13. Ba4 {[%emt 0:00:05]} b6 {[%emt 0:00:02]} 14. c5 {[%emt 0:00:02]} dxc5 {[%emt 0:00:02]} 15. Bb3 {[%emt 0:00:02]} c4 {[%emt 0:00:02]} 16. Ba4 {[%emt 0:00:04]} Bb7 {[%emt 0:00:01]} 17. b3 {[%emt 0:00:01]} Bxa8 {[%emt 0:00:01]} 18. bxc4 {[%emt 0:00:01]} Qxc4 {[%emt 0:00:01]} 19. Bb3 {[%emt 0:00:02]} Qf7 {[%emt 0:00:06]} 20. Bxf7+ {[%emt 0:00:02]} Rxf7 {[%emt 0:00:00]} 21. d5 {[%emt 0:00:02]} Nc5 {[%emt 0:00:03]} 22. O-O {[%emt 0:00:01]} Nd3 {[%emt 0:00:01]} 23. Ba3 {[%emt 0:00:02]} h6 {[%emt 0:00:02]} 24. Nb5 {[%emt 0:00:03]} Bxd5 {[%emt 0:00:01]} 25. Nd6 {[%emt 0:00:01]} Rd7 {[%emt 0:00:02]} 26. Nxf5 {[%emt 0:00:02]} Be6 {[%emt 0:00:02]} 27. Nd4 {[%emt 0:00:02]} Bf7 {[%emt 0:00:02]} 28. Qa4 {[%emt 0:00:05]} Be8 {[%emt 0:00:07]} 29. Rac1 {[%emt 0:00:02]} Re7 {[%emt 0:00:03]} 30. Qc4+ {[%emt 0:00:01]} Bf7 {[%emt 0:00:03]} 31. Qc8 {[%emt 0:00:02]} Re8 {[%emt 0:00:01] Time (Lag: Av=0.32s, max=0.9s)} 0-1

[Event "Stay Safe Play From Home 302"]
[Site "Emanuel Lasker Arena"]
[Date "2020.07.14"]
[Round "3"]
[White "Broken sword"]
[Black "NTBT_DHS"]
[Result "0-1"]
[WhiteElo "2424"]
[BlackElo "2406"]
[Annotator "TA"]
[PlyCount "104"]
[EventDate "2020.07.14"]
[EventType "swiss (blitz)"]

{[%evp 11,104,36,41,53,66,41,39,36,43,37,68,-217,-214,-229,-232,-231,-237,-226,-220,-202,-190,-342,-333,-336,-328,-336,-335,-325,-282,-293,-286,-268,-242,-229,-230,-236,-227,-556,-589,-514,-589,-527,-585,-560,-589,-582,-558,-577,-580,-540,-560,-689,-674,-664,-650,-715,-716,-867,-848,-851,-857,-921,-900,-941,-886,-6695,-6528,-29976,-29977,-29979,-29980,-29976,-29980,-29982,-29983,-29984,-29982,-29987,-29984,-29985,-29980,-29979,-29980,-29980,-29981,-29950,-5097,-29984,-29982,-29984,-29984,-29983,-29984,-29987,-29988]} 1. e4 g6 2. d4 Bg7 3. Nc3 d6 4. Be3 Nd7 5. Qd2 a6 6. a4 b6 7. f3 {B06: Modern Defence.} Bb7 8. Bc4 {has lost popularity (8.h4).} Ngf6 9. Nge2 {White is slightly better.} O-O {[#]} 10. Ba2 $146 ({Predecessor:} 10. Bh6 c5 11. h4 cxd4 12. Nxd4 Ne5 13. Bb3 d5 14. Bxg7 Kxg7 15. exd5 b5 16. h5 gxh5 {1-0 (22) Tahaoglu,E (1714)-Atas,Y (1872) Antalya 2019}) 10... e5 11. Bh6 $2 {[%mdl 8192] [#]} (11. h4 $14 {keeps the upper hand.}) 11... Nxe4 $1 $19 {[%mdl 576] Decoy} 12. Nxe4 {0-0 is the strong threat.} Qh4+ {[%mdl 64] Double Attack} 13. g3 Qxh6 14. Qxh6 Bxh6 15. dxe5 Nxe5 16. O-O $2 {[#]} (16. Bd5 Nxf3+ 17. Kf2 Bxd5 18. Nf6+ Kg7 19. Nxd5) 16... Nxf3+ $1 {[%mdl 576] Remove Defender} 17. Rxf3 {Threatens to win with N2c3.} Bxe4 18. Rc3 c5 19. Rd1 Rad8 20. Bd5 Rfe8 {White must now prevent ...Bxd5.} 21. Kf2 Re5 22. Bxe4 Rxe4 23. Rb3 c4 24. Rxb6 $2 {[#]} (24. Rf3 {is tougher.}) 24... Be3+ $1 {[%mdl 64] Double Attack} 25. Kf3 Bxb6 26. Kxe4 {[%mdl 4096] Endgame KRB-KRN} Re8+ 27. Kf3 Re3+ 28. Kf2 Rd3+ {[%mdl 64] Discovered Attack} 29. Ke1 {[#]} Bf2+ $1 {[%mdl 576] Deflection} 30. Kxf2 Rxd1 {KR-KN} 31. Ke3 Rb1 32. Kd2 Rxb2 33. Kc3 Ra2 34. Nd4 Rxa4 35. Nc6 Kg7 36. Ne7 Ra1 37. Kxc4 Rh1 38. Nc8 Rxh2 39. c3 Rg2 40. Nxd6 Rxg3 41. Kd4 h5 42. c4 h4 43. c5 Rg4+ 44. Kd5 Rg5+ 45. Kd4 {[#]} Rxc5 $1 46. Kxc5 {KN-KP} h3 47. Ne4 h2 48. Nf2 Kf6 (48... a5 $142 49. Nh1 a4 50. Kb4 g5 51. Ng3 {[#]} a3 $1 {[%mdl 512]} 52. Kxa3 Kg6 53. Kb3 f5 54. Nh1 g4 55. Ng3 f4 56. Ne2 Kg5 57. Nd4 h1=Q 58. Ne6+ Kf6 59. Nc5 Qd5+ {[%mdl 64] Double Attack} 60. Kb4 f3 61. Kb5 f2 62. Kb6 f1=Q 63. Ne4+ Qxe4 64. Kc5 Qb7 65. Kd6 Qf4+ 66. Kc5 Qfb4#) 49. Kb6 Kf5 {Black mates.} 50. Kxa6 Kf4 51. Kb5 Kf3 52. Nh1 Kg2 {Black took control after the opening. Accuracy: White = 52%, Black = 85%.} 0-1

[Event "Stay Safe Play From Home 302"]
[Site "Emanuel Lasker Arena"]
[Date "2020.07.14"]
[Round "3"]
[White "Little champs"]
[Black "Mepe_Nika"]
[Result "1-0"]
[WhiteElo "2254"]
[BlackElo "2386"]
[Annotator "TA"]
[PlyCount "65"]
[EventDate "2020.07.14"]
[EventType "swiss (blitz)"]

{[%evp 9,65,15,38,35,47,41,61,48,143,70,189,182,185,179,187,177,343,277,261,278,279,225,257,217,287,296,287,293,291,292,295,285,277,272,314,303,329,314,304,333,334,242,250,0,663,662,1609,1602,1950,1901,3570,2662,29991,29992,29992,29993,29993,29992]} 1. d4 d5 2. e3 Nf6 3. Nf3 Bg4 4. Be2 e6 5. O-O Bxf3 6. Bxf3 {D04: Colle System.} Be7 7. c4 {[#]} O-O $146 ({Predecessor:} 7... c6 8. b3 O-O 9. Nc3 Nbd7 10. Bb2 a5 11. Qc2 Rc8 12. Rad1 b5 13. Qd3 bxc4 14. bxc4 {0-1 (66) Steinle,C (2146)-Hobusch,J (1934) Dortmund 2011}) 8. Nc3 {White is slightly better.} Nbd7 (8... c6 $14) 9. Qb3 (9. cxd5 $16 e5 10. Qb3) 9... Nb6 ({Black should play} 9... dxc4 $14 10. Qxb7 Nb6) 10. c5 $18 Nc4 11. Qxb7 Rb8 12. Qa6 {Strongly threatening b3.} e5 $2 (12... Qc8 13. Qxc8 Rfxc8) 13. Nxd5 {[%mdl 64] [#] Remove Defender} ({Weaker is} 13. Qxa7 Ne4 $18) 13... Nxd5 14. Qxc4 c6 15. Bxd5 cxd5 16. Qc2 exd4 17. exd4 Bf6 18. Be3 Re8 19. a3 Re4 20. Rad1 h5 21. b4 {[%cal Bb2b4,Bb4b5][%mdl 32]} h4 22. c6 {Hoping for c7.} Rc8 23. b5 h3 24. g3 ({Don't do} 24. gxh3 $6 Qe7 $18) 24... Qd6 25. Qc5 Qe6 {Threatens to win with ...Qf5.} 26. Qc2 $2 (26. Qc3 $18) 26... Qf5 $2 {[%mdl 8192]} (26... Qd6 $11 27. Qc3 Qe6) 27. f3 Rxe3 28. Qxf5 Rce8 29. c7 Re2 30. c8=Q Rg2+ {[#]} 31. Kh1 $1 {[%cal Rc8e8] White mates.} Rxc8 32. Qxc8+ Kh7 33. Qxh3+ {[%mdl 64] Double Attack. Accuracy: White = 64%, Black = 46%.} 1-0